Normal view MARC view

Entry Personal Name

Number of records used in: 2

001 - CONTROL NUMBER

  • control field: 58006

003 - CONTROL NUMBER IDENTIFIER

  • control field: dpl

005 - DATE AND TIME OF LATEST TRANSACTION

  • control field: 20231025142220.0

008 - FIXED-LENGTH DATA ELEMENTS

  • fixed length control field: 231025|| aca||aabn | a|a d

040 ## - CATALOGING SOURCE

  • Original cataloging agency: dpl
  • Transcribing agency: dpl

100 ## - HEADING--PERSONAL NAME

  • Personal name: S K Agrawal

670 ## - SOURCE DATA FOUND

  • Source citation: Work cat.: (dpl)198844: Sharma, D G 58005, Principles & practice of accounting/, 2022

© Delhi Public Library
Hit Counter
free hit counter